Giáo trình luật thương mại quốc tế
Nội dung giáo trình Luật thương mại quốc tế gồm hai phần: Phần thứ nhất: một số vấn đề lý luận về luật thương mại quốc tế và luật thương mại quốc tế giữa các quốc gia; Phần thứ hai: Luật thương mại quốc tế giữa các thương...
Bewaard in:
| Hoofdauteur: | |
|---|---|
| Coauteur: | |
| Formaat: | Boek |
| Taal: | Undetermined |
| Gepubliceerd in: |
Hà Nội
Tư pháp
2006
|
| Onderwerpen: | |
| Tags: |
Voeg label toe
Geen labels, Wees de eerste die dit record labelt!
|
| Thư viện lưu trữ: | Trung tâm Học liệu Trường Đại học Cần Thơ |
|---|
| LEADER | 01071nam a2200229Ia 4500 | ||
|---|---|---|---|
| 001 | CTU_110839 | ||
| 008 | 210402s9999 xx 000 0 und d | ||
| 020 | |c 70000 | ||
| 082 | |a 341.754 | ||
| 082 | |b B312 | ||
| 100 | |a Nông, Quốc Bình | ||
| 110 | |a Trường Đại học Luật Hà Nội | ||
| 245 | 0 | |a Giáo trình luật thương mại quốc tế | |
| 245 | 0 | |c Nông Quốc Bình (chủ biên) | |
| 260 | |a Hà Nội | ||
| 260 | |b Tư pháp | ||
| 260 | |c 2006 | ||
| 520 | |a Nội dung giáo trình Luật thương mại quốc tế gồm hai phần: Phần thứ nhất: một số vấn đề lý luận về luật thương mại quốc tế và luật thương mại quốc tế giữa các quốc gia; Phần thứ hai: Luật thương mại quốc tế giữa các thương nhân | ||
| 650 | |a International business interpises | ||
| 650 | |x Law and legislation | ||
| 904 | |i Năm | ||
| 980 | |a Trung tâm Học liệu Trường Đại học Cần Thơ | ||